Family welfare issues in Asian countries

Bibliographic Details
Main Author: Walter, M.
Format: Book
Published: New Delhi : Adhyayan Publishers & Distributors , 2006
Subjects:

MARC

LEADER 00000cam a2200000 7i4500
001 0000018656
005 20080609.0
008 080609
020 |a 8189161679 
090 0 0 |a 306.8950   |b WAL 
100 1 |a Walter, M. 
245 1 0 |a Family welfare issues in Asian countries   |c M. Walter 
260 |a New Delhi :   |b Adhyayan Publishers & Distributors ,   |c 2006 
650 0 |a Family   |x Asia 
999 |a 0001020347   |b Book   |c Adult Collection   |e Cawangan Taman Sri Lambak